Προσαρμογή, εφαρμογή και αξιολόγηση λογισμικού επαυξημένης εικονικής πραγματικότητας για τη διδασκαλία στοιχείων της ανθρώπινης ανατομίας σε μαθητές Στ΄ δημοτικού : διπλωματική εργασία [μεταπτυχιακή εργασία]

Αποθηκεύτηκε σε:
Λεπτομέρειες βιβλιογραφικής εγγραφής
Κύριος συγγραφέας: Μακαρούνα, Φωτεινή
Συγγραφή απο Οργανισμό/Αρχή: Πανεπιστήμιο Αιγαίου Σχολή Ανθρωπιστικών Επιστημών Παιδαγωγικό Τμήμα Δημοτικής Εκπαίδευσης Πρόγραμμα Μεταπτυχιακών Σπουδών Επιστήμες της Αγωγής - Εκπαίδευση με τη Χρήση Νέων Τεχνολογιών
Άλλοι συγγραφείς: Φωκίδης, Εμμανουήλ (dgs [Επιβλέπων καθηγητής])
Μορφή: Thesis Βιβλίο
Γλώσσα:Greek
Δημοσίευση: 2017.
Θέματα:
Διαθέσιμο Online:http://hdl.handle.net/11610/18792
Ετικέτες: Προσθήκη ετικέτας
Δεν υπάρχουν, Καταχωρήστε ετικέτα πρώτοι!

MARC

LEADER 00000cam a2200000 a 4500
001 1/114975
008 170920s2017####gr | ||| |||| ||gre||
040 |a GR-MyUa  |b gre  |c GR-MyUa  |e AACR2 
041 0 |a gre 
082 7 |a 371.33468   |2 (23) 
100 1 |a Μακαρούνα, Φωτεινή. 
245 1 0 |a Προσαρμογή, εφαρμογή και αξιολόγηση λογισμικού επαυξημένης εικονικής πραγματικότητας για τη διδασκαλία στοιχείων της ανθρώπινης ανατομίας σε μαθητές Στ΄ δημοτικού :   |b διπλωματική εργασία [μεταπτυχιακή εργασία] /   |c Μακαρούνα Φωτεινή ; επιβλέπων καθηγητής: Φωκίδης Εμμανουήλ.  
260 |c 2017.  
300 |a 152 σ. :   |b πίν., εικ., διαγρ. ;   |c 30 εκ.  
500 |a Υπάρχει ψηφιακό αντίγραφο. 
500 |a Μέλη εξεταστικής επιτροπής: Σκουμιός Μιχαήλ, Σοφός Αλιβίζος.  
502 # # |a Διατριβή (μεταπτυχιακή) – Πανεπιστήμιο Αιγαίου, Ρόδος, 2017. 
504 |a Βιβλιογραφία: σ. 89-99.  
506 1 |a Πλήρες κείμενο - Ελεύθερη δημοσίευση - Κλειδωμένη η δυνατότητα αντιγραφής.  
650 0 |a Virtual reality in education. 
650 0 |a Three-dimensional display systems. 
650 0 |a Computer-assisted instruction. 
650 0 |a Human body. 
650 0 |a Human anatomy. 
650 0 |a Human body  |x Computer simulation. 
650 0 |a Education, Primary. 
700 1 |a Φωκίδης, Εμμανουήλ,  |e dgs [Επιβλέπων καθηγητής] 
710 2 |a Πανεπιστήμιο Αιγαίου  |b Σχολή Ανθρωπιστικών Επιστημών  |b Παιδαγωγικό Τμήμα Δημοτικής Εκπαίδευσης  |b Πρόγραμμα Μεταπτυχιακών Σπουδών Επιστήμες της Αγωγής - Εκπαίδευση με τη Χρήση Νέων Τεχνολογιών. 
852 |a INST  |b RHODES  |c DIATR  |e 20170920  |h 371.33468 ΜΑΚ  |p 005400039504  |q 005400039504  |t MTXE  |y 23 
856 |u http://hdl.handle.net/11610/18792 
924 |a Μακαρούνα   |b Φωτεινή   |y Ρόδος  |z 2017-06  
970 |z 20-09-2017